| 000 | 00428cam a2200169ua 4500 | ||
|---|---|---|---|
| 003 | OSt | ||
| 008 | 250108b |||||||| |||| 00| 0 eng d | ||
| 041 | _aeng | ||
| 082 |
_a621.38414 _bMAR/El |
||
| 100 |
_aMarcus, William . _96883 |
||
| 245 | _aElements of radio servicing / | ||
| 250 | _a2 / | ||
| 260 |
_aNew York : _bMcGraw Hill Book Company , _c1984. |
||
| 300 | _a566 ; . | ||
| 700 | 1 |
_aAlex, Leny . _96884 |
|
| 942 | _cBK | ||
| 999 |
_c3133 _d3133 |
||